LEADER 01824nam 2200385 n 450 001 996395555003316 005 20200824121201.0 035 $a(CKB)3810000000011182 035 $a(EEBO)2248516770 035 $a(UnM)ocm99883303e 035 $a(UnM)99883303 035 $a(EXLCZ)993810000000011182 100 $a19930310d1661 uy 101 0 $aeng 135 $aurbn||||a|bb| 200 14$aThe humble ansvver of the divines attending the Honourable Commissioners of Parliament, at the treaty at Newport in the Isle of Wight$b[electronic resource] $eTo the second paper delivered to them by his Majesty, Octob. 6. 1648. about episcopall government. Delivered to his Majesty, October. 17. : I appoint Abel Roper to print this copy, entituled The humble answer of the divines, &c. Richard Vines 210 $aLondon, $cPrinted for Abel Roper, at the signe of the Sunne over against S. Dunstans Church in Fleet-street.$d1660 [i.e. 1661] 215 $a32, p. 31, 26-29, 29-32 [i.e. 31] p 300 $aSometimes attributed to Stephen Marshall, who was one of the Newport divines. 300 $aPublication year given according to Lady Day dating. 300 $aFinal page misnumbered 32. Text is continuous despite pagination. 300 $aReproduction of original in the British Library. 330 $aeebo-0018 606 $aEpiscopacy$vEarly works to 1800 615 0$aEpiscopacy 701 $aMarshall$b Stephen$f1594?-1655.$01001459 712 02$aEngland and Wales.$bParliament. 801 0$bCu-RivES 801 1$bCu-RivES 801 2$bCStRLIN 801 2$bCu-RivES 906 $aBOOK 912 $a996395555003316 996 $aThe humble ansvver of the divines attending the Honourable Commissioners of Parliament, at the treaty at Newport in the Isle of Wight$92385056 997 $aUNISA LEADER 02587nam 2200529 450 001 9910786546203321 005 20230803202828.0 010 $a1-59756-645-4 035 $a(CKB)3710000000122055 035 $a(EBL)1886729 035 $a(SSID)ssj0001261325 035 $a(PQKBManifestationID)11685815 035 $a(PQKBTitleCode)TC0001261325 035 $a(PQKBWorkID)11320435 035 $a(PQKB)10852428 035 $a(MiAaPQ)EBC1886729 035 $a(Au-PeEL)EBL1886729 035 $a(CaPaEBR)ebr10901609 035 $a(OCoLC)889240750 035 $a(EXLCZ)993710000000122055 100 $a20140813h20142014 uy 0 101 0 $aeng 135 $aur|n|---||||| 181 $ctxt 182 $cc 183 $acr 200 10$aEndoscopic ear surgery /$fNatasha Pollak ; contributors Badi Aldosar [and eleven others] 210 1$aSan Diego, California :$cPlural Publishing, Inc.,$d2014. 210 4$dİ2014 215 $a1 online resource (199 p.) 300 $aIncludes index. 311 $a1-59756-504-0 327 $aContents; Foreword; Foreword; Contributors; 1. Principles of Endoscopic Ear Surgery; 2. Endoscopic Anatomy of the Middle Ear; 3. Instrumentation and Operating Room Setup; 4. Fat Graft Myringoplasty; 5. Middle Ear Exploration and Tympanoplasty; 6. Management of Chronic Otitis Media and Cholesteatoma; 7. Management of the Mastoid System in Chronic Ear Disease; 8. Endoscopic Ear Procedures in the Office; 9. The Endoscope-Assisted Minimally Invasive Retrosigmoid Approach; 10. Cochlear Endoscopy; 11. The Future of Minimally Invasive Ear Surgery; Appendix A: CPT Codes for Common Otologic Procedures 327 $aIndex 330 $aThis book explores the emerging role of endoscopy in the evolution of otologic surgery and details both basic and advanced endoscopic ear surgery techniques. Rich with color images, this text addresses commonly encountered difficulties in chronic ear surgery and explains how endoscope-assisted surgical techniques can help. The use of endoscopes has given rise to the concept of ""functional endoscopic ear surgery,"" which helps reduce cholesteatoma recurrence rates while allowing less invasive, more physiologic surgical approaches. 606 $aEar$xEndoscopic surgery 615 0$aEar$xEndoscopic surgery. 676 $a617.8059 700 $aPollak$b Natasha$01498959 702 $aAldosar$b Badi 801 0$bMiAaPQ 801 1$bMiAaPQ 801 2$bMiAaPQ 906 $aBOOK 912 $a9910786546203321 996 $aEndoscopic ear surgery$93724743 997 $aUNINA